[Event "NB2 Asztalos csoport"]
[Site "Komlo"]
[Date "2024.11.03"]
[Round "1.2"]
[White "Jeszenszky, Jozsef"]
[Black "Remenyi, Szilard"]
[Result "0-1"]
[WhiteElo "2034"]
[BlackElo "2007"]
[PlyCount "74"]
[EventDate "2024.11.03"]
[EventType "team-tourn"]
[EventRounds "9"]
[EventCountry "HUN"]
[Source "chess.hu"]
[SourceDate "2024.11.04"]
[WhiteTeam "Komloi BSK II."]
[BlackTeam "MartonVal-Kiralysakk"]
[WhiteTeamCountry "HUN"]
[BlackTeamCountry "HUN"]

1. d4 Nf6 2. c4 e6 3. Nc3 d5 4. cxd5 exd5 5. Bg5 Be7 6. e3 c6 7. Bd3 O-O 8. h3
h6 9. Bf4 Re8 10. Nf3 Bf8 11. Qc2 a5 12. O-O Na6 13. a3 Nc7 14. Ne5 Bd6 15.
Rab1 Na6 16. Bg3 Qc7 17. f4 b5 18. Nxc6 Qxc6 19. Bxb5 Qb7 20. Bxe8 Nxe8 21. Bh4
Bd7 22. f5 Bf8 23. Qe2 Nd6 24. g4 Re8 25. Bg3 Ne4 26. Nxe4 Bb5 27. Nc5 Nxc5 28.
Qf2 Ne4 29. Qg2 Bxf1 30. Rxf1 Nxg3 31. Qxg3 Qxb2 32. g5 Qxa3 33. Re1 Qd6 34.
Qg2 hxg5 35. Qxg5 Qh6 36. h4 Qxg5+ 37. hxg5 a4 0-1

[Event "NB2 Asztalos csoport"]
[Site "Komlo"]
[Date "2024.11.03"]
[Round "1.3"]
[White "Katona, Ferenc"]
[Black "Majnay, Peter"]
[Result "1-0"]
[WhiteElo "2102"]
[BlackElo "1962"]
[PlyCount "85"]
[EventDate "2024.11.03"]
[EventType "team-tourn"]
[EventRounds "9"]
[EventCountry "HUN"]
[Source "chess.hu"]
[SourceDate "2024.11.04"]
[WhiteTeam "MartonVal-Kiralysakk"]
[BlackTeam "Komloi BSK II."]
[WhiteTeamCountry "HUN"]
[BlackTeamCountry "HUN"]

1. d4 Nf6 2. f4 d5 3. e3 Bf5 4. Bd3 Bxd3 5. Qxd3 c6 6. Nd2 e6 7. Ngf3 Qa5 8. f5
exf5 9. Qxf5 Nbd7 10. O-O g6 11. Qd3 Bg7 12. e4 dxe4 13. Nxe4 O-O 14. Nxf6+
Nxf6 15. Bg5 Nd5 16. c4 Nc7 17. Be7 Rfe8 18. Bd6 Ne6 19. Be5 f6 20. Bg3 Red8
21. Qe4 Ng5 22. Nxg5 fxg5 23. Qe6+ Kh8 24. Be5 Bxe5 25. dxe5 Qc5+ 26. Kh1 Rf8
27. Qd6 Qxd6 28. exd6 Rxf1+ 29. Rxf1 Kg7 30. c5 Rd8 31. Kg1 Rd7 32. Rf3 g4 33.
Rf4 g5 34. Rf2 h5 35. Kf1 h4 36. Ke2 Rf7 37. Rxf7+ Kxf7 38. b4 Ke6 39. Ke3 b5
40. g3 hxg3 41. hxg3 Kf6 42. Kd4 a6 43. a3 1-0

[Event "NB2 Asztalos csoport"]
[Site "Komlo"]
[Date "2024.11.03"]
[Round "1.4"]
[White "Lantos, Levente"]
[Black "Remenyi, Lajos Jr"]
[Result "0-1"]
[WhiteElo "2071"]
[BlackElo "1963"]
[PlyCount "28"]
[EventDate "2024.11.03"]
[EventType "team-tourn"]
[EventRounds "9"]
[EventCountry "HUN"]
[Source "chess.hu"]
[SourceDate "2024.11.04"]
[WhiteTeam "Komloi BSK II."]
[BlackTeam "MartonVal-Kiralysakk"]
[WhiteTeamCountry "HUN"]
[BlackTeamCountry "HUN"]

1. d4 Nf6 2. c4 g6 3. Nc3 d5 4. cxd5 Nxd5 5. e4 Nxc3 6. bxc3 Bg7 7. Bc4 O-O 8.
Ne2 c5 9. O-O Nc6 10. Be3 Qa5 11. Rb1 Qc7 12. dxc5 Ne5 13. Qb3 Ng4 14. Bc1
Qxh2# 0-1

[Event "NB2 Asztalos csoport"]
[Site "Komlo"]
[Date "2024.11.03"]
[Round "1.5"]
[White "Szabo, Levente"]
[Black "Juhasz, Zoltan"]
[Result "1/2-1/2"]
[WhiteElo "1903"]
[BlackElo "1923"]
[PlyCount "33"]
[EventDate "2024.11.03"]
[EventType "team-tourn"]
[EventRounds "9"]
[EventCountry "HUN"]
[Source "chess.hu"]
[SourceDate "2024.11.04"]
[WhiteTeam "MartonVal-Kiralysakk"]
[BlackTeam "Komloi BSK II."]
[WhiteTeamCountry "HUN"]
[BlackTeamCountry "HUN"]

1. d4 Nf6 2. Nf3 g6 3. c4 Bg7 4. Nc3 d6 5. e4 O-O 6. Be2 e5 7. d5 Nbd7 8. O-O
a5 9. Bg5 h6 10. Bd2 Nc5 11. Qc2 Nfxe4 12. Nxe4 Bf5 13. Bd3 Bxe4 14. Bxe4 f5
15. Bxa5 Nxe4 16. Bb4 Rf7 17. a4 1/2-1/2

[Event "NB2 Asztalos csoport"]
[Site "Komlo"]
[Date "2024.11.03"]
[Round "1.6"]
[White "Nemeth, Attila Janos"]
[Black "Csernyiczky, Laszlo"]
[Result "0-1"]
[WhiteElo "1914"]
[BlackElo "1957"]
[PlyCount "88"]
[EventDate "2024.11.03"]
[EventType "team-tourn"]
[EventRounds "9"]
[EventCountry "HUN"]
[Source "chess.hu"]
[SourceDate "2024.11.04"]
[WhiteTeam "Komloi BSK II."]
[BlackTeam "MartonVal-Kiralysakk"]
[WhiteTeamCountry "HUN"]
[BlackTeamCountry "HUN"]

1. d4 e6 2. c4 b6 3. Nc3 Bb7 4. e4 Bb4 5. f3 f5 6. e5 Nc6 7. h4 d6 8. exd6 Qxd6
9. Nge2 O-O-O 10. Be3 Nf6 11. Qc2 Nh5 12. O-O-O Bxc3 13. Qxc3 f4 14. Bf2 Rhe8
15. a3 e5 16. d5 Na5 17. c5 Qd7 18. cxb6 axb6 19. Bxb6 Nc6 20. Bc5 Nf6 21. d6
Re6 22. Qc2 cxd6 23. Bb6 Rde8 24. Nc3 Kb8 25. Bd3 Rc8 26. Bf5 d5 27. Qb3 Ne7
28. Bxe6 Qxe6 29. Kb1 Nd7 30. Bf2 Qg6+ 31. Ka1 Qxg2 32. Qb4 Nf5 33. Qa4 Qxf2
34. Qxd7 Ne3 35. Qd6+ Ka8 36. Rc1 Qg2 37. Ka2 Qxb2+ 38. Kxb2 Nc4+ 39. Kb3 Nxd6
40. Rhg1 d4 41. Ne4 Rxc1 42. Rxc1 Bxe4 43. fxe4 Nxe4 44. Rc2 f3 0-1

[Event "NB2 Asztalos csoport"]
[Site "Komlo"]
[Date "2024.11.03"]
[Round "1.7"]
[White "Zelenak, Donat"]
[Black "Gyorke, Zoltan"]
[Result "0-1"]
[WhiteElo "1892"]
[BlackElo "1957"]
[PlyCount "56"]
[EventDate "2024.11.03"]
[EventType "team-tourn"]
[EventRounds "9"]
[EventCountry "HUN"]
[Source "chess.hu"]
[SourceDate "2024.11.04"]
[WhiteTeam "MartonVal-Kiralysakk"]
[BlackTeam "Komloi BSK II."]
[WhiteTeamCountry "HUN"]
[BlackTeamCountry "HUN"]

1. Nf3 d6 2. d4 f5 3. g3 e6 4. Bg2 Nf6 5. O-O Be7 6. c4 O-O 7. Nc3 Ne4 8. Qc2
Nxc3 9. Qxc3 Bf6 10. Rb1 a5 11. Qc2 Nc6 12. Rd1 Qe7 13. a3 e5 14. dxe5 dxe5 15.
Be3 Be6 16. Rd2 g5 17. b4 axb4 18. axb4 Nxb4 19. Qb3 Nc6 20. Qb5 Ra5 21. Qxb7
Rb8 22. Qxb8+ Nxb8 23. Rxb8+ Kg7 24. Rdb2 Ra1+ 25. Rb1 Rxb1+ 26. Rxb1 f4 27.
Bd2 g4 28. Bb4 c5 0-1

[Event "NB2 Asztalos csoport"]
[Site "Komlo"]
[Date "2024.11.03"]
[Round "1.8"]
[White "Szaz, Ferenc"]
[Black "Szabo, Levente Jr"]
[Result "1-0"]
[WhiteElo "1944"]
[BlackElo "1864"]
[PlyCount "55"]
[EventDate "2024.11.03"]
[EventType "team-tourn"]
[EventRounds "9"]
[EventCountry "HUN"]
[Source "chess.hu"]
[SourceDate "2024.11.04"]
[WhiteTeam "Komloi BSK II."]
[BlackTeam "MartonVal-Kiralysakk"]
[WhiteTeamCountry "HUN"]
[BlackTeamCountry "HUN"]

1. d4 d5 2. c4 e6 3. Nc3 Nf6 4. Bg5 Be7 5. Nf3 O-O 6. e3 c6 7. c5 Nbd7 8. b4 a6
9. a4 Ne8 10. h4 Bf6 11. Bd3 Qe7 12. Ne5 g6 13. f4 Bxg5 14. hxg5 f6 15. Bxg6
fxe5 16. Bxh7+ Qxh7 17. Rxh7 Kxh7 18. Qh5+ Kg8 19. dxe5 Ng7 20. Qh6 Nf5 21.
Qg6+ Ng7 22. Kd2 Rf7 23. Rh1 Kf8 24. Rh7 a5 25. Qh6 axb4 26. g6 Nxc5 27. gxf7
bxc3+ 28. Kc2 1-0

[Event "NB2 Asztalos csoport"]
[Site "Komlo"]
[Date "2024.11.03"]
[Round "1.9"]
[White "Csordas, Peter"]
[Black "Kis Katos, Janos"]
[Result "1-0"]
[WhiteElo "1887"]
[BlackElo "1834"]
[PlyCount "65"]
[EventDate "2024.11.03"]
[EventType "team-tourn"]
[EventRounds "9"]
[EventCountry "HUN"]
[Source "chess.hu"]
[SourceDate "2024.11.04"]
[WhiteTeam "MartonVal-Kiralysakk"]
[BlackTeam "Komloi BSK II."]
[WhiteTeamCountry "HUN"]
[BlackTeamCountry "HUN"]

1. e4 e5 2. Nf3 Nc6 3. Bb5 d6 4. h3 Bd7 5. c3 a6 6. Ba4 h6 7. d4 exd4 8. cxd4
Nce7 9. Bc2 Ng6 10. Nc3 N8e7 11. O-O Nc6 12. Nh2 Be7 13. f4 Bf6 14. e5 dxe5 15.
fxe5 Bg5 16. Bxg5 Qxg5 17. Qf3 O-O 18. Ne4 Qh4 19. Rad1 Nxd4 20. Rxd4 Nxe5 21.
Qf4 Qe7 22. Qg3 f5 23. Bb3+ Kh8 24. Nc3 Qc5 25. Qf2 Rad8 26. Kh1 Rde8 27. Qd2
Bc6 28. Rc1 Qe7 29. Nd5 Bxd5 30. Rxd5 b5 31. Rf1 g5 32. Qd4 Kh7 33. Re1 1-0

[Event "NB2 Asztalos csoport"]
[Site "Komlo"]
[Date "2024.11.03"]
[Round "1.10"]
[White "Gyorgy, Gergely"]
[Black "Radics, Nora"]
[Result "0-1"]
[WhiteElo "1799"]
[BlackElo "1814"]
[PlyCount "62"]
[EventDate "2024.11.03"]
[EventType "team-tourn"]
[EventRounds "9"]
[EventCountry "HUN"]
[Source "chess.hu"]
[SourceDate "2024.11.04"]
[WhiteTeam "Komloi BSK II."]
[BlackTeam "MartonVal-Kiralysakk"]
[WhiteTeamCountry "HUN"]
[BlackTeamCountry "HUN"]

1. e4 e5 2. Nf3 Nf6 3. d4 Nxe4 4. Bd3 d5 5. Nxe5 Bd6 6. O-O O-O 7. c4 Be6 8. c5
Bxe5 9. dxe5 Nxc5 10. Bc2 Nc6 11. Bxh7+ Kxh7 12. Qc2+ Ne4 13. f3 Bf5 14. fxe4
Bxe4 15. Qe2 Qh4 16. Rf4 Qg5 17. Nc3 Qg6 18. Rg4 Qf5 19. Rg5 Qe6 20. Nxe4 dxe4
21. Qxe4+ f5 22. Qh4+ Kg8 23. Bd2 Nxe5 24. Bc3 Rae8 25. Re1 Qb6+ 26. Kh1 Ng6
27. Qg3 f4 28. Qg4 Rxe1+ 29. Bxe1 Qe3 30. Qd1 f3 31. gxf3 Qxg5 0-1

[Event "NB2 Asztalos csoport"]
[Site "Komlo"]
[Date "2024.11.03"]
[Round "1.11"]
[White "Kortelyesi, Richard"]
[Black "Koros, Szabolcs Attila"]
[Result "1-0"]
[WhiteElo "1733"]
[BlackElo "1647"]
[PlyCount "81"]
[EventDate "2024.11.03"]
[EventType "team-tourn"]
[EventRounds "9"]
[EventCountry "HUN"]
[Source "chess.hu"]
[SourceDate "2024.11.04"]
[WhiteTeam "MartonVal-Kiralysakk"]
[BlackTeam "Komloi BSK II."]
[WhiteTeamCountry "HUN"]
[BlackTeamCountry "HUN"]

1. d4 d5 2. f4 e6 3. e3 Nf6 4. Bd3 c5 5. c3 Nc6 6. Nf3 cxd4 7. exd4 Bd6 8. O-O
O-O 9. Ne5 Bxe5 10. fxe5 Nd7 11. Qh5 g6 12. Qh6 Qe7 13. Bg5 f6 14. exf6 Nxf6
15. Qh4 Kg7 16. Bh6+ Kg8 17. Bxf8 Kxf8 18. Qxf6+ Qxf6 19. Rxf6+ Ke7 20. Rf2 Bd7
21. Nd2 b6 22. Raf1 Be8 23. Nf3 h6 24. Ne5 Kd6 25. Nxc6 Kxc6 26. Rf6 Kd6 27.
Bxg6 Bb5 28. Re1 Bd7 29. Bh5 Rh8 30. Bg4 Ke7 31. Ref1 Rh7 32. Bh5 Kd6 33. b3
Bb5 34. Re1 Bd7 35. Rf7 Rh8 36. c4 dxc4 37. bxc4 a6 38. c5+ bxc5 39. dxc5+ Kc6
40. Bf3+ Kc7 41. c6 1-0

[Event "NB2 Asztalos csoport"]
[Site "Komlo"]
[Date "2024.11.03"]
[Round "1.12"]
[White "Csiszar, Vivien"]
[Black "Bodo, Daniel"]
[Result "0-1"]
[WhiteElo "1510"]
[BlackElo "1602"]
[PlyCount "52"]
[EventDate "2024.11.03"]
[EventType "team-tourn"]
[EventRounds "9"]
[EventCountry "HUN"]
[Source "chess.hu"]
[SourceDate "2024.11.04"]
[WhiteTeam "Komloi BSK II."]
[BlackTeam "MartonVal-Kiralysakk"]
[WhiteTeamCountry "HUN"]
[BlackTeamCountry "HUN"]

1. e4 c5 2. Nf3 Nc6 3. d4 cxd4 4. Nxd4 g6 5. Bc4 Bg7 6. Be3 Nf6 7. Nc3 O-O 8.
f3 Qb6 9. Qd2 Nxe4 10. Nxc6 Qxc6 11. Bxf7+ Rxf7 12. fxe4 Bxc3 13. bxc3 Qxe4 14.
h4 Rf5 15. Kd1 Rd5 16. Bd4 e5 17. Qg5 exd4 18. Qd8+ Kg7 19. c4 Re5 20. h5 h6
21. hxg6 d5 22. Qc7+ Re7 23. Qh2 Qxg6 24. cxd5 Bg4+ 25. Kc1 Rc8 26. g3 Re2 0-1

[Event "NB2 Asztalos csoport"]
[Site "Marcali"]
[Date "2024.11.03"]
[Round "1.1"]
[White "Veress, Robert"]
[Black "Haszon, David"]
[Result "0-1"]
[WhiteElo "2164"]
[BlackElo "2239"]
[PlyCount "88"]
[EventDate "2024.11.03"]
[EventType "team-tourn"]
[EventRounds "9"]
[EventCountry "HUN"]
[Source "chess.hu"]
[SourceDate "2024.11.04"]
[WhiteTeam "Kaposvari Bastya SE"]
[BlackTeam "Marcali VSZSE"]
[WhiteTeamCountry "HUN"]
[BlackTeamCountry "HUN"]

1. d4 Nf6 2. c4 b6 3. Nf3 Bb7 4. Nc3 g6 5. d5 Bg7 6. e4 d6 7. Bd3 O-O 8. h3 c6
9. Be3 Nbd7 10. O-O Rc8 11. Rc1 a6 12. Nd4 Ne5 13. f4 Nxd3 14. Qxd3 cxd5 15.
Nxd5 e6 16. Nxf6+ Qxf6 17. b3 e5 18. Ne2 Rfe8 19. f5 b5 20. cxb5 axb5 21. Nc3
b4 22. Nd5 Bxd5 23. Qxd5 Rxc1 24. Bxc1 gxf5 25. Rxf5 Qe6 26. Qd3 Rd8 27. Bd2 d5
28. Kh2 d4 29. Bxb4 Bh6 30. Bd2 Bxd2 31. Qxd2 h6 32. Rf3 Kg7 33. b4 Qc6 34. Qe2
Qd6 35. Rg3+ Kf8 36. Rd3 Qxb4 37. Qh5 Qd6 38. Rf3 Rd7 39. Rd3 Qf6 40. Qe2 Qf4+
41. g3 Qc1 42. Rd1 Qc3 43. Rd3 Qc4 44. Kg2 Ra7 0-1

[Event "NB2 Asztalos csoport"]
[Site "Marcali"]
[Date "2024.11.03"]
[Round "1.2"]
[White "Toth, Daniel"]
[Black "Katai, David"]
[Result "1-0"]
[WhiteElo "2099"]
[BlackElo "2159"]
[PlyCount "99"]
[EventDate "2024.11.03"]
[EventType "team-tourn"]
[EventRounds "9"]
[EventCountry "HUN"]
[Source "chess.hu"]
[SourceDate "2024.11.04"]
[WhiteTeam "Marcali VSZSE"]
[BlackTeam "Kaposvari Bastya SE"]
[WhiteTeamCountry "HUN"]
[BlackTeamCountry "HUN"]

1. c4 Nf6 2. Nc3 g6 3. e4 d6 4. d4 Bg7 5. f3 O-O 6. Be3 c5 7. Nge2 cxd4 8. Nxd4
Nc6 9. Qd2 Nxd4 10. Bxd4 Be6 11. Be2 Qa5 12. Rc1 Rfc8 13. b3 Nd7 14. O-O a6 15.
f4 Bxd4+ 16. Qxd4 f6 17. h3 Qc5 18. Rfd1 Rc7 19. Qxc5 Nxc5 20. Bg4 Bf7 21. b4
Nxe4 22. Nxe4 f5 23. Nxd6 exd6 24. Bf3 Rac8 25. Rxd6 Rxc4 26. Rxc4 Rxc4 27.
Rd8+ Kg7 28. Rd7 Rc1+ 29. Kh2 Kg8 30. Rxb7 Bxa2 31. Ra7 Bb1 32. Rxa6 Be4 33.
Bxe4 fxe4 34. Kg3 Rb1 35. Rb6 Rb3+ 36. Kg4 Kf7 37. Rb7+ Kf6 38. Rxh7 Rxb4 39.
Rh8 Kf7 40. Rc8 Rb7 41. Rc5 Rb2 42. g3 Rb4 43. h4 Rb3 44. Re5 Rb4 45. Kg5 Rb3
46. g4 Re3 47. f5 gxf5 48. Kxf5 Rh3 49. h5 e3 50. Kf4 1-0

[Event "NB2 Asztalos csoport"]
[Site "Marcali"]
[Date "2024.11.03"]
[Round "1.3"]
[White "Kadlicsko, Jozsef"]
[Black "Link, Ulrich"]
[Result "1/2-1/2"]
[WhiteElo "2018"]
[BlackElo "2067"]
[PlyCount "73"]
[EventDate "2024.11.03"]
[EventType "team-tourn"]
[EventRounds "9"]
[EventCountry "HUN"]
[Source "chess.hu"]
[SourceDate "2024.11.04"]
[WhiteTeam "Kaposvari Bastya SE"]
[BlackTeam "Marcali VSZSE"]
[WhiteTeamCountry "HUN"]
[BlackTeamCountry "HUN"]

1. e4 c5 2. Nc3 e6 3. f4 d5 4. Bb5+ Nc6 5. Nf3 dxe4 6. Bxc6+ bxc6 7. Nxe4 Ba6
8. b3 c4 9. Qe2 Qd5 10. Nc3 Qf5 11. Qe4 Qxe4+ 12. Nxe4 Nf6 13. Nxf6+ gxf6 14.
Bb2 Be7 15. g3 O-O-O 16. bxc4 Bxc4 17. d3 Bd5 18. Rf1 Rhg8 19. Ke2 h5 20. c4
Bxf3+ 21. Rxf3 f5 22. Bc3 Bc5 23. Rb1 Bd4 24. Bxd4 Rxd4 25. Rb3 Rd7 26. Rf1 Rb7
27. Rfb1 Rxb3 28. Rxb3 h4 29. d4 Kc7 30. Kd2 hxg3 31. hxg3 Rh8 32. Ra3 Rh2+ 33.
Kc3 Kb7 34. Kb4 Kb6 35. c5+ Kb7 36. Kc3 Rg2 37. Kb4 1/2-1/2

[Event "NB2 Asztalos csoport"]
[Site "Marcali"]
[Date "2024.11.03"]
[Round "1.4"]
[White "Ferenczy, Mate"]
[Black "Galambos, Tivadar"]
[Result "1/2-1/2"]
[WhiteElo "2014"]
[BlackElo "1923"]
[PlyCount "32"]
[EventDate "2024.11.03"]
[EventType "team-tourn"]
[EventRounds "9"]
[EventCountry "HUN"]
[Source "chess.hu"]
[SourceDate "2024.11.04"]
[WhiteTeam "Marcali VSZSE"]
[BlackTeam "Kaposvari Bastya SE"]
[WhiteTeamCountry "HUN"]
[BlackTeamCountry "HUN"]

1. e4 c5 2. Nf3 Nc6 3. Bb5 d6 4. Bxc6+ bxc6 5. h3 e5 6. d3 Be7 7. O-O Nf6 8.
Nbd2 O-O 9. Nc4 Nd7 10. Ne3 Nb6 11. a4 a5 12. Bd2 f5 13. exf5 Bxf5 14. Nxf5
Rxf5 15. Qe1 Nd5 16. Qe4 Qd7 1/2-1/2

[Event "NB2 Asztalos csoport"]
[Site "Marcali"]
[Date "2024.11.03"]
[Round "1.5"]
[White "Biro, Tamas"]
[Black "Haszon, Abel"]
[Result "0-1"]
[WhiteElo "1849"]
[BlackElo "1943"]
[PlyCount "102"]
[EventDate "2024.11.03"]
[EventType "team-tourn"]
[EventRounds "9"]
[EventCountry "HUN"]
[Source "chess.hu"]
[SourceDate "2024.11.04"]
[WhiteTeam "Kaposvari Bastya SE"]
[BlackTeam "Marcali VSZSE"]
[WhiteTeamCountry "HUN"]
[BlackTeamCountry "HUN"]

1. e4 c5 2. Nc3 e6 3. Bc4 Nc6 4. d3 Be7 5. Nge2 a6 6. a4 Nf6 7. O-O d5 8. exd5
exd5 9. Bb3 d4 10. Ne4 Nxe4 11. dxe4 O-O 12. Ng3 Rb8 13. f4 b5 14. axb5 axb5
15. Bd5 Nb4 16. c4 dxc3 17. bxc3 Nxd5 18. exd5 Bf6 19. Qf3 b4 20. Rb1 Bxc3 21.
Be3 c4 22. Ne4 Bf5 23. Bc5 Re8 24. Nxc3 Bxb1 25. Nxb1 Rb5 26. Qf2 Qxd5 27. Be3
c3 28. f5 Qe4 29. Bd4 Rd5 30. Bxc3 Qc4 31. Ba1 Ra8 32. Qg3 Qc5+ 33. Kh1 Rxa1
34. f6 g6 35. Re1 Rd8 36. h3 h5 37. Qb3 Ra6 38. Qb2 Qd6 39. Rf1 Rc6 40. Qe2 b3
41. Qe3 b2 42. Qh6 Qf8 43. Qf4 Rdc8 44. Nd2 Rc1 45. Nb3 Rxf1+ 46. Qxf1 Qb4 47.
Qd1 Qxb3 48. Qxb3 Rc1+ 49. Kh2 b1=Q 50. Qf3 Qb8+ 51. g3 Qb2+ 0-1

[Event "NB2 Asztalos csoport"]
[Site "Marcali"]
[Date "2024.11.03"]
[Round "1.6"]
[White "Garai, Tamas"]
[Black "Makaresz, Ferenc"]
[Result "1-0"]
[WhiteElo "1929"]
[BlackElo "1889"]
[PlyCount "122"]
[EventDate "2024.11.03"]
[EventType "team-tourn"]
[EventRounds "9"]
[EventCountry "HUN"]
[Source "chess.hu"]
[SourceDate "2024.11.04"]
[WhiteTeam "Marcali VSZSE"]
[BlackTeam "Kaposvari Bastya SE"]
[WhiteTeamCountry "HUN"]
[BlackTeamCountry "HUN"]

1. e4 e5 2. Nf3 d6 3. d4 exd4 4. Nxd4 Bd7 5. Nc3 Nc6 6. Be3 Nf6 7. f3 Be7 8.
Qd2 a6 9. a3 b5 10. Nxc6 Bxc6 11. Rd1 O-O 12. Bd3 Nd7 13. O-O Nc5 14. Be2 Qc8
15. Nd5 Bxd5 16. Qxd5 c6 17. Qd2 Ne6 18. f4 Nc7 19. f5 Ne8 20. Bf4 Bf6 21. c3
Be5 22. Bg5 f6 23. Bf4 Nc7 24. Bf3 Rd8 25. Qe3 Bxf4 26. Qxf4 d5 27. e5 fxe5 28.
Qxe5 Qd7 29. Bh5 Ne8 30. Rd4 Nf6 31. Bf3 Re8 32. Qf4 Qe7 33. Rd3 Ne4 34. Rd4
Nd6 35. Bg4 Qf6 36. Rd3 Re4 37. Qg3 Nc4 38. b3 Ne5 39. Rd4 Rxg4 40. Rxg4 Nxg4
41. Qxg4 Qxc3 42. f6 Qc5+ 43. Kh1 Qf8 44. f7+ Kh8 45. Qe6 h6 46. Qxc6 Rd8 47.
Qc7 Ra8 48. b4 Kh7 49. Qd7 g6 50. Qxd5 Kg7 51. Qe5+ Kh7 52. h4 h5 53. Qf6 Ra7
54. Qe6 Kg7 55. Qf6+ Kh7 56. Rf3 a5 57. bxa5 Rd7 58. a6 Rd1+ 59. Kh2 Rd7 60.
Qc6 Rxf7 61. Rxf7+ Qxf7 1-0

[Event "NB2 Asztalos csoport"]
[Site "Marcali"]
[Date "2024.11.03"]
[Round "1.7"]
[White "Mihalecz, Attila"]
[Black "Jankovics, Emod"]
[Result "1/2-1/2"]
[WhiteElo "1914"]
[BlackElo "1868"]
[PlyCount "109"]
[EventDate "2024.11.03"]
[EventType "team-tourn"]
[EventRounds "9"]
[EventCountry "HUN"]
[Source "chess.hu"]
[SourceDate "2024.11.04"]
[WhiteTeam "Kaposvari Bastya SE"]
[BlackTeam "Marcali VSZSE"]
[WhiteTeamCountry "HUN"]
[BlackTeamCountry "HUN"]

1. e4 c5 2. Nf3 Nc6 3. Bb5 g6 4. O-O Bg7 5. Nc3 e5 6. d3 a6 7. Bxc6 dxc6 8. Be3
b6 9. h3 Qd6 10. a4 Ne7 11. Qd2 O-O 12. Bh6 f5 13. Bxg7 Kxg7 14. Qe2 f4 15. Nd2
g5 16. f3 h5 17. Nc4 Qc7 18. a5 b5 19. Nb6 Rb8 20. Nxc8 Rbxc8 21. Qf2 Qd6 22.
Ne2 Ng8 23. Rfd1 Rcd8 24. c3 Rf7 25. Rd2 c4 26. d4 Rfd7 27. Rad1 Qc7 28. Nc1
exd4 29. Rxd4 Nf6 30. Ne2 c5 31. Rxd7+ Rxd7 32. Rxd7+ Nxd7 33. g3 Qxa5 34. Nc1
Qa1 35. Qd2 Ne5 36. Kg2 Nd3 37. Nxd3 cxd3 38. Qxd3 Qxb2+ 39. Kg1 Qa1+ 40. Kg2
Qa2+ 41. Kg1 fxg3 42. Qd7+ Qf7 43. Qd8 Qxf3 44. Qe7+ Kg6 45. Qd6+ Qf6 46. Qxg3
b4 47. e5 Qf4 48. Qd3+ Qf5 49. Qd6+ Kg7 50. Qe7+ Kh6 51. Qd6+ Kh7 52. Qe7+ Kg8
53. Qe8+ Qf8 54. Qg6+ Qg7 55. Qe8+ 1/2-1/2

[Event "NB2 Asztalos csoport"]
[Site "Marcali"]
[Date "2024.11.03"]
[Round "1.8"]
[White "Mike, Janos"]
[Black "Szotak, Laszlo"]
[Result "1/2-1/2"]
[WhiteElo "1888"]
[BlackElo "1929"]
[PlyCount "22"]
[EventDate "2024.11.03"]
[EventType "team-tourn"]
[EventRounds "9"]
[EventCountry "HUN"]
[Source "chess.hu"]
[SourceDate "2024.11.04"]
[WhiteTeam "Marcali VSZSE"]
[BlackTeam "Kaposvari Bastya SE"]
[WhiteTeamCountry "HUN"]
[BlackTeamCountry "HUN"]

1. c4 f5 2. Nc3 Nf6 3. g3 g6 4. Bg2 Bg7 5. d3 d6 6. Bg5 O-O 7. Bxf6 Bxf6 8. e3
Qe8 9. Nge2 a6 10. O-O e5 11. Qc2 Be6 1/2-1/2

[Event "NB2 Asztalos csoport"]
[Site "Marcali"]
[Date "2024.11.03"]
[Round "1.9"]
[White "Marcsingo, Jozsef"]
[Black "Palotas, Karoly"]
[Result "0-1"]
[WhiteElo "1779"]
[BlackElo "1870"]
[PlyCount "69"]
[EventDate "2024.11.03"]
[EventType "team-tourn"]
[EventRounds "9"]
[EventCountry "HUN"]
[Source "chess.hu"]
[SourceDate "2024.11.04"]
[WhiteTeam "Kaposvari Bastya SE"]
[BlackTeam "Marcali VSZSE"]
[WhiteTeamCountry "HUN"]
[BlackTeamCountry "HUN"]

1. e4 d6 2. d4 Nf6 3. Bd3 e5 4. c3 Nc6 5. Ne2 Bg4 6. f3 Bd7 7. O-O a6 8. a4 Be7
9. d5 Nb8 10. b4 O-O 11. Bg5 Nxd5 12. exd5 Bxg5 13. Nd2 f5 14. f4 Bh6 15. Bc4
Kh8 16. Qe1 Be8 17. Qg3 Nd7 18. Nf3 Qf6 19. b5 a5 20. Rac1 Bf7 21. Bb3 Nc5 22.
Bc2 Bxd5 23. fxe5 dxe5 24. Nxe5 Bxc1 25. Nxc1 g6 26. Qf4 Rad8 27. Qd4 Bxg2 28.
Qxc5 Bxf1 29. Kxf1 Qd6 30. Ncd3 b6 31. Qe3 Kg7 32. Qg5 Rde8 33. Qf4 Qd5 34. Ke2
Qe4+ 35. Kd2 0-1

[Event "NB2 Asztalos csoport"]
[Site "Marcali"]
[Date "2024.11.03"]
[Round "1.11"]
[White "Feher, Koppany"]
[Black "Haszon, Attila"]
[Result "1-0"]
[WhiteElo "1690"]
[BlackElo "1852"]
[PlyCount "103"]
[EventDate "2024.11.03"]
[EventType "team-tourn"]
[EventRounds "9"]
[EventCountry "HUN"]
[Source "chess.hu"]
[SourceDate "2024.11.04"]
[WhiteTeam "Kaposvari Bastya SE"]
[BlackTeam "Marcali VSZSE"]
[WhiteTeamCountry "HUN"]
[BlackTeamCountry "HUN"]

1. d4 d5 2. c4 dxc4 3. e4 Nf6 4. Nc3 e6 5. Bxc4 c5 6. d5 exd5 7. exd5 a6 8. a4
Bg4 9. Nge2 Bd6 10. O-O O-O 11. f3 Bf5 12. Bf4 Re8 13. Re1 Bxf4 14. Nxf4 Rxe1+
15. Qxe1 Qd6 16. Qe3 Nbd7 17. Ne4 Nxe4 18. fxe4 Re8 19. e5 Qxe5 20. Qf2 Qe3 21.
g3 Qxf2+ 22. Kxf2 Kf8 23. h3 Nb6 24. b3 Nxc4 25. bxc4 g5 26. g4 gxf4 27. gxf5
Re4 28. Rc1 Re3 29. h4 Rh3 30. Rb1 Rxh4 31. Rxb7 Rh5 32. f6 Ke8 33. d6 Rh2+ 34.
Kf3 Rc2 35. Re7+ Kd8 36. Rxf7 Rd2 37. Rd7+ Ke8 38. f7+ Kf8 39. Kxf4 Rf2+ 40.
Ke5 h5 41. Rd8+ Kxf7 42. Rh8 Rd2 43. Rxh5 Ke8 44. Ke6 Re2+ 45. Re5 Rd2 46. Rxc5
Kd8 47. Re5 Rd4 48. c5 Rxa4 49. c6 Rc4 50. c7+ Kc8 51. Ke7 Kb7 52. Kd7 1-0

[Event "NB2 Asztalos csoport"]
[Site "Pecs"]
[Date "2024.11.17"]
[Round "2.1"]
[White "Veress, Robert"]
[Black "Kele, Karoly"]
[Result "1/2-1/2"]
[WhiteElo "2164"]
[BlackElo "2041"]
[PlyCount "38"]
[EventDate "2024.11.03"]
[EventType "team-tourn"]
[EventRounds "9"]
[EventCountry "HUN"]
[Source "chess.hu"]
[SourceDate "2024.11.17"]
[WhiteTeam "Kaposvari Bastya SE"]
[BlackTeam "Karmin PSSE"]
[WhiteTeamCountry "HUN"]
[BlackTeamCountry "HUN"]

1. d4 Nf6 2. c4 e6 3. g3 d5 4. Bg2 Bb4+ 5. Bd2 Be7 6. Nf3 c6 7. Qc2 Nbd7 8. O-O
O-O 9. Bf4 Nh5 10. Bc1 b6 11. Nbd2 Nhf6 12. e4 dxe4 13. Nxe4 Bb7 14. Rd1 Nxe4
15. Qxe4 Nf6 16. Qe2 Rc8 17. b3 Re8 18. Ne5 Ba8 19. Bf4 Bb4 1/2-1/2